Statistics for Are You Satisfied? (all lyrics) - MARINA

Click here to take the quiz!

General Stats

  • This quiz has been taken 116 times
  • The average score is 192 of 245

Answer Stats

HintAnswer% Correct
a
96%
Verse 1I
96%
life?
94%
life
94%
my
94%
My
94%
the
92%
The
92%
you
92%
an
91%
ChorusAre
91%
to
91%
satisfied?
90%
satisfied
90%
was
90%
Was
90%
With
90%
Do
87%
do
87%
me
87%
day
86%
no
86%
got
84%
be
83%
hair
83%
pulling
83%
that
83%
change?
82%
not
82%
about
81%
is
81%
It's
81%
it's
81%
just
81%
need
81%
on
81%
and
79%
And
79%
feel
79%
happy
79%
out
79%
problem,
79%
problem
79%
Chemically
78%
deal
78%
don't
78%
free
78%
see
78%
see?
78%
average
77%
if
77%
In
77%
in
77%
say
77%
"Marina
75%
meant
75%
make
74%
They
74%
want
74%
lie
73%
succeed
73%
what
73%
Pre-ChorusWhat
73%
calm
71%
die
71%
for
71%
I'm
71%
said,
71%
way
71%
will
71%
by
70%
nothing
70%
am
69%
can
69%
cream
69%
dreamer"
69%
everybody
69%
Verse 2High
69%
like
69%
control
68%
how
68%
One
68%
pretending
68%
who
68%
freak
66%
friends
66%
have
66%
achiever,
65%
Baby,
65%
comes
65%
give
65%
never
65%
tell
65%
you're
65%
damn
64%
People
64%
cat
62%
gonna
62%
Driven
61%
easy
61%
greed
61%
hide
61%
fast
60%
Nobody
60%
Oh,
60%
stop
58%
believe
57%
drink
57%
away
55%
Pre-ChorusCause
55%
cross
55%
line,
55%
Once
55%
smoke
55%
run
52%
sway
52%
up
52%
wanna
52%
this
51%
business
49%
inside
47%
BridgeSad
47%
pack
45%
ride?
38%
Praying
32%
Waiting
32%
Unsatisfied
25%

Score Distribution

Percentile by Number Answered

Percent of People with Each Score

Your Score History

You have not taken this quiz